00390nam a22001217a 4500082000900000100002600009245014200035260000900177300001300186526001800199650001100217700004000228 aT-68 aGhulam Raza Khan, Maj aA comparative study of cone penetration test (CPT) and standard penetration test (SPT) for typical soils of LahorecGhulam Raza Khan, Maj c1994 a192 P, : a0b0c0dT_68 aThesis aProfessor Muhammad Siddique Qureshi